书目信息 |
| 题名: |
胡适和他的朋友们
|
|
| 作者: | 郭存孝, 著 | |
| 分册: | ||
| 出版信息: | 北京 中国文史出版社 2021.03 |
|
| 页数: | 309页 | |
| 开本: | 24cm | |
| 丛书名: | ||
| 单 册: | ||
| 中图分类: | K825.4=72 , K825.4=7 | |
| 科图分类: | ||
| 主题词: | 文化--wen hua--名人--人物研究--中国--现代 | |
| 电子资源: | ||
| ISBN: | 978-7-5205-2539-8 | |
| 000 | 01244nam0 2200289 450 | |
| 001 | CAL 0120217141497 | |
| 005 | 20230217093113.0 | |
| 010 | @a978-7-5205-2539-8@dCNY59.80 | |
| 092 | @aCN@bRt972-0666 | |
| 100 | @a20210416d2021 em y0chiy0120 ea | |
| 101 | 0 | @achi |
| 102 | @aCN@b110000 | |
| 105 | @aa a 000yc | |
| 106 | @ar | |
| 200 | 1 | @a胡适和他的朋友们@Ahu shi he ta de peng you men@f郭存孝著 |
| 210 | @a北京@c中国文史出版社@d2021.03 | |
| 215 | @a309页@c图@d24cm | |
| 314 | @a郭存孝, 现任 (香港) 世界华文文学家协会顾问、澳洲华人作家协会顾问和南京作家协会会员。 | |
| 320 | @a有书目 (第306-309页) | |
| 330 | @a这是一本讲述胡适与他的朋友的往事的图书。胡适与圈内外的名家及普通人的多方面、多层次、五味俱陈的交往风采与纠结趣闻 ; 在这当中, 作者还挖掘出一些被遗留在历史角落中被人忽略的人物与史事。作者以胡适的译著、日记、书信、题字、写诗作词以及演讲稿为依据 ; 由近及远、从微观入手, 展现胡适的精神世界及其在学术天地中的人脉关系、坚苦努力与卓越成就。 | |
| 600 | 0 | @a胡适,@Ahu shi@f1891-1962@x人物研究 |
| 606 | 0 | @a文化@Awen hua@x名人@x人物研究@y中国@z现代 |
| 690 | @aK825.4=72@v5 | |
| 690 | @aK825.4=7@v5 | |
| 701 | 0 | @a郭存孝,@Aguo cun xiao@f1929-@4著 |
| 801 | 0 | @aCN@bBJXHZP@c20230228 |
| 905 | @b1380252-5@dK825.4=72@e1528@f4 | |
| 胡适和他的朋友们/郭存孝著.-北京:中国文史出版社,2021.03 |
| 309页:图;24cm |
| ISBN 978-7-5205-2539-8:CNY59.80 |
| 这是一本讲述胡适与他的朋友的往事的图书。胡适与圈内外的名家及普通人的多方面、多层次、五味俱陈的交往风采与纠结趣闻 ; 在这当中, 作者还挖掘出一些被遗留在历史角落中被人忽略的人物与史事。作者以胡适的译著、日记、书信、题字、写诗作词以及演讲稿为依据 ; 由近及远、从微观入手, 展现胡适的精神世界及其在学术天地中的人脉关系、坚苦努力与卓越成就。 |
| ● |
| 相关链接 |
|
|
|
|
正题名:胡适和他的朋友们
索取号:K825.4=72/1528
 
预约/预借
| 序号 | 登录号 | 条形码 | 馆藏地/架位号 | 状态 | 备注 |
| 1 | 1380252 | 213802526 | 第二样本阅览室/ [索取号:K825.4=72/1528] | 在馆 | |
| 2 | 1380253 | 213802535 | 第二借阅区/ [索取号:K825.4=72/1528] | 在馆 | |
| 3 | 1380254 | 213802544 | 第二借阅区/ [索取号:K825.4=72/1528] | 在馆 | |
| 4 | 1380255 | 213802553 | 第二借阅区/ [索取号:K825.4=72/1528] | 在馆 |